000 00703nam a2200193Ia 4500
003 GCL
008 140319s9999 xx 000 0 ara d
040 _aGCL /
_cGCL
082 0 4 _a921.1
_bع د
100 1 _aعاطف العراقى
245 1 0 _aالدكتور توفيق الطويل مفكرا عربيا ورائدا للفلسفة الخلقية: بحوث عنه ودراسات مهداة اليه /
_cعاطف العراقى
300 _a378 ص
490 _aالهيئة العامة للاستعلامات
_v0
650 0 4 _aالتراجم
650 0 4 _aالفلاسفة المسلمون
650 0 4 _aالفلاسفة - تراجم
650 0 4 _aتوفيق الطويل
942 _2ddc
_cBK
999 _c50149
_d50149